000 00715nam a2200289Ia 4500
005 20260324141929.0
008 008 260324s9999 xx 000 0 eng d
020 _a9781315853253
037 _aEBOOK
040 _aCRL
040 _beng
040 _cCRL
041 _2eng
041 _aeng
084 _qCRL
100 _aPeggy Stark; David A. Erlandson; Sharon Ward
_91210047
245 0 _aOrganizational Oversight
245 0 _bPlanning and Scheduling for Effectiveness
260 _bTaylor and Francis
260 _c1996
365 _a
365 _b180
856 _uhttp://www.taylorfrancis.com/books/9781315853253
942 _cEBOOK
999 _c1813666
_d1813666